[Event "Kiev Spring op"]
[Site "Kiev"]
[Date "2021.07.12"]
[Round "3"]
[White "Samunenkov, Igor"]
[Black "Lysoivan, Anton"]
[Result "1-0"]
[WhiteElo "2301"]
[BlackElo "2031"]
[PlyCount "59"]
[EventDate "2021.07.10"]
[EventType "swiss"]
[EventRounds "9"]
[EventCountry "UKR"]
[SourceTitle "EXT 2024"]
[Source "ChessBase"]
[SourceDate "2023.10.10"]
[SourceVersion "1"]
[SourceVersionDate "2023.10.10"]
[SourceQuality "1"]

1. d4 Nf6 2. g3 g6 3. Bg2 Bg7 4. e4 d6 5. Nc3 0-0 6. Nge2 e5 7. 0-0 Nc6 8. dxe5 Nxe5 9. f4 Ned7 10. h3 h6 11. Be3 Qe7 12. Qd2 c6 13. g4 h5 14. g5 Ne8 15. f5 Be5 16. Nf4 Kh7 17. f6 Qd8 18. Qe2 Bxf4 19. Rxf4 Ne5 20. Rd1 Qa5 21. Qf2 Be6 22. a3 Nc4 23. Bc1 Nxa3 24. Nd5 Nc4 25. Rh4 Nb6 26. Nf4 Qe5 27. Nxh5 Kg8 28. Nf4 Nd7 29. Nd3 Qb5 30. Rh6 1-0

[Event "Kiev Spring op"]
[Site "Kiev"]
[Date "2021.07.10"]
[Round "1"]
[White "Stetsiuk, Andrii"]
[Black "Lysoivan, Anton"]
[Result "0-1"]
[WhiteElo "1282"]
[BlackElo "2031"]
[PlyCount "54"]
[EventDate "2021.07.10"]
[EventType "swiss"]
[EventRounds "9"]
[EventCountry "UKR"]
[SourceTitle "EXT 2024"]
[Source "ChessBase"]
[SourceDate "2023.10.10"]
[SourceVersion "1"]
[SourceVersionDate "2023.10.10"]
[SourceQuality "1"]

1. c4 Nf6 2. d4 g6 3. Nc3 Bg7 4. g3 d6 5. Bg2 0-0 6. Bg5 h6 7. Bxf6 Bxf6 8. Nf3 Nc6 9. 0-0 e5 10. e3 Bg7 11. Rc1 a6 12. d5 Ne7 13. e4 Bd7 14. Nd2 f5 15. Nb3 b6 16. c5 bxc5 17. exf5 Nxf5 18. Ne4 Rb8 19. Re1 Rb4 20. a3 Rb6 21. Re2 Ba4 22. Ned2 Qb8 23. Rc3 c4 24. Rxc4 Bxb3 25. Nxb3 Rxb3 26. Rxc7 Qxc7 27. Qxb3 Nd4 0-1